| 000 | 00778nam a2200265Ia 4500 | ||
|---|---|---|---|
| 005 | 20260121171214.0 | ||
| 008 | 008 260114s9999 xx 000 0 eng d | ||
| 020 | _a9783030155162 | ||
| 037 | _aEBOOK | ||
| 040 | _aCRL | ||
| 040 | _beng | ||
| 040 | _cCRL | ||
| 041 | _2eng | ||
| 041 | _aeng | ||
| 084 | _qCRL | ||
| 100 |
_aRama Kant Dubey, Vishal Tripathi, Ratna Prabha, Rajan Chaurasia, Dhananjaya Pratap Singh, Ch. Srinivasa Rao, Ali El-Keblawy, Purushothaman Chirakkuzhyil Abhilash _91073341 |
||
| 245 | 0 | _aUnravelling the Soil Microbiome | |
| 260 | _bSpringer | ||
| 260 | _bSpringer | ||
| 260 | _c2020 | ||
| 856 | _uhttps://link.springer.com/openurl?genre=book&isbn=978-3-030-15516-2 | ||
| 942 | _cEBOOK | ||
| 999 |
_c1639071 _d1639071 |
||